书目信息 |
| 题名: |
现代汉语辞海
|
|
| 作者: | 倪文杰 主编 | |
| 分册: | ||
| 出版信息: | 北京 人民中国出版社 1994.06 |
|
| 页数: | 738页 | |
| 开本: | 16开 | |
| 丛书名: | ||
| 单 册: | ||
| 中图分类: | H164 | |
| 科图分类: | ||
| 主题词: | 汉语--词典学 | |
| 电子资源: | ||
| ISBN: | 7-80065-680-2 | |
| 000 | 00548nam0 2200193 45 | |
| 001 | 0010071074 | |
| 005 | 20001007104241.0 | |
| 010 | @a7-80065-680-2@d224.00元 | |
| 100 | @a20001007d1994 km y0chiy0120 ea | |
| 101 | 0 | @achi |
| 105 | @a z 000yy | |
| 200 | 1 | @a现代汉语辞海@AXian Dai Han Yu Ci Hai@f倪文杰等主编@FNi Wen Jie Deng Zhu Bian |
| 210 | @a北京@c人民中国出版社@d1994.06 | |
| 215 | @a738页@d16开 | |
| 606 | 0 | @a汉语@x词典学 |
| 690 | @aH164@v3 | |
| 701 | 0 | @a倪文杰@4主编 |
| 801 | @aCN@bPftUser@c20001007 | |
| 905 | @b170234@dH164@eN359:1@f1 | |
| 现代汉语辞海/倪文杰等主编.-北京:人民中国出版社,1994.06 |
| 738页;16开 |
| ISBN 7-80065-680-2:224.00元 |
| ● |
| 相关链接 |
|
|
|
正题名:现代汉语辞海
索取号:H164/N359:1
 
预约/预借
| 序号 | 登录号 | 条形码 | 馆藏地/架位号 | 状态 | 备注 |
| 1 | 170234 | 201702345 | 语言库209/209语言库 77排1列3层/ [索取号:H164/N359:1] | 在馆 |